|
|
|
|
| LEADER |
01167nam a2200301 a 4500 |
| 001 |
1442 |
| 003 |
BD-DhAAL |
| 005 |
20150308123525.0 |
| 008 |
150308s1994 nyu 001 0 eng |
| 010 |
|
|
|a 94034132
|
| 020 |
|
|
|a 0471111252
|
| 020 |
|
|
|a 0471111260 (pbk.)
|
| 040 |
|
|
|a DLC
|c DLC
|d DLC
|d BD-DhAAL
|
| 050 |
0 |
0 |
|a HF5382.7
|b .M354 1995
|
| 082 |
0 |
0 |
|a 650.14
|2 20
|
| 100 |
1 |
|
|a Mangum, William T.
|9 9219
|
| 245 |
1 |
0 |
|a 99 minutes to your ideal job /
|c William T. Mangum.
|
| 246 |
3 |
0 |
|a Ninety-nine minutes to your ideal job
|
| 260 |
|
|
|a New York :
|b J. Wiley & Sons,
|c c1995.
|
| 300 |
|
|
|a xiii, 219 p. ;
|c 24 cm.
|
| 500 |
|
|
|a Includes index.
|
| 541 |
|
|
|e 1442
|
| 650 |
|
0 |
|a Job hunting.
|9 9201
|
| 650 |
|
0 |
|a Applications for positions.
|9 9220
|
| 942 |
|
|
|2 ddc
|c BK
|
| 999 |
|
|
|c 33927
|d 33927
|
| 952 |
|
|
|0 0
|1 0
|2 ddc
|4 0
|6 650_140000000000000_MAN
|7 0
|9 52955
|a SCL
|b SCL
|c GEN
|d 2015-03-08
|e Gift: The Asia Foundation
|l 2
|m 6
|o 650.14 MAN
|p 3020001442
|r 2019-06-23
|s 2019-05-30
|t 1
|w 2015-03-08
|y BK
|
| 952 |
|
|
|0 0
|1 0
|2 ddc
|4 0
|6 650_140000000000000_MAN
|7 0
|9 52963
|a SCL
|b SCL
|c GEN
|d 2015-03-09
|e Gift: The Asia Foundation
|l 1
|m 5
|o 650.14 MAN
|p 3020000175
|r 2019-06-23
|s 2019-05-27
|t 2
|w 2015-03-09
|y BK
|